All DC Movies (-2020) - Statistics

General Stats
  • This quiz has been taken 98 times
    77 since last reset
  • The average score is 118 of 175
Answer Stats
Year Movie % Correct
1943 | 1989 Batman
100%
(2017) Batman and Harley Quinn
100%
1949 | 1997 Batman and Robin
100%
(2014) Batman: Assault on Arkham
100%
(2016) Batman: Bad Blood
100%
2005 Batman Begins
100%
(2003) Batman: Dead End
100%
1995 Batman Forever
100%
(2018) Batman: Gotham by Gaslight
100%
(2008) Batman: Gotham Knight
100%
(1993) Batman: Mask of the Phantasm
100%
(2018) Batman: Ninja
100%
(2016) Batman: Return of the Caped Crusaders
100%
1992 Batman Returns
100%
(2021) Batman: Soul of the Dragon
100%
(2016) Batman: The Killing Joke
100%
(2021) Batman: The Long Halloween Part 1
100%
(2021) Batman: The Long Halloween Part 2
100%
(2010) Batman: Under the Red Hood
100%
(2015) Batman Unlimited: Animal Instincts
100%
(2016) Batman Unlimited: Mechs V.S. Mutants
100%
(2015) Batman Unlimited: Monster Mayhem
100%
(2005) Batman V.S. Dracula
100%
(2015) Batman V.S. Robin
100%
(2019) Batman V.S. The Teenage Mutant Ninja Turtles
100%
(2017) Batman V.S. Two-Face
100%
2016 Batman V. Superman: Dawn of Justice
100%
2011 Batman: Year One
100%
2004 Catwoman
100%
(2012) Dark Knight Returns Part 1
100%
(2013) Dark Knight Returns Part 2
100%
(2013) Lego Batman Movie: DC Superheroes Unite
100%
(2014) Lego DC Comics: Batman Beleaguered
100%
(2018) Scooby Doo! And Batman: Brave and the Bold
100%
(2014) Son of Batman
100%
(2010) Superman/Batman: Apocalypse
100%
(2009) Superman/Batman: Public Enemys
100%
2022 The Batman
100%
2008 The Dark Knight
100%
2012 The Dark Knight Rises
100%
(2017) The Lego Batman Movie
100%
2011 All Star Superman
98%
1950 Atom Man V.S. Superman
98%
2011 Classic Superman
98%
(2018) Death of Superman
98%
2006 Look up in the Sky: The Amazing Story of Superman
98%
2013 Man of Steel
98%
(2019) Reign of the Supermen
98%
1954 Stamp Day for Superman
98%
1984 Supergirl
98%
1948 Superman
98%
1951 Superman and the Mole Men
98%
(1997) Superman/ Batman Movie: World's Finest
98%
(2007) Superman: Doomsday
98%
1980 Superman II
98%
1983 Superman III
98%
2006 Superman II: The Donnor Cut
98%
(2020) Superman: Man of Tomorrow
98%
(2020) Superman: Red Son
98%
2006 Superman Returns
98%
(2010) Superman/Shazam: The Return of Black Adam
98%
1978 Superman: The Movie
98%
1975 Superman: The Musical
98%
1987 Superman: The Quest for Peace
98%
(2013) Superman: Unbound
98%
(2012) Superman V.S. The Elite
98%
2017 Crisis on Earth-X
93%
2020 Crisis on Infinite Earths
93%
2018 Elseworlds
93%
2014 Flash V.S. Arrow
93%
2016 Invasion
93%
2015 Legends of Today/Yesterday
93%
2018 Duet/Starcrossed
91%
(2018) Lego DC Superheroes: The Flash
91%
1990 | 2022 The Flash
91%
1991 The Flash III: Deadly Nightshade
91%
1991 The Flash II: Revenge of the Trickster
91%
2016 Worlds Finest
91%
(2009) | 1974 Wonder Woman
89%
1975 The New Original Wonder Woman
86%
2017 Wonder Woman
86%
2020 Wonder Woman 1984
86%
(2019) Wonder Woman: Bloodlines
86%
(2016) Justice League V.S. The Teen Titans
79%
(2016) DC Superheroes Justice League: Gotham City Breakout
77%
(2021) Injustice
77%
2017 Justice League
77%
(2010) Justice League: Crisis on 2 Earths
77%
(2017) Justice League: Dark
77%
(2020) Justice League Dark: Apokolips War
77%
(2012) Justice League: Doom
77%
(2015) Justice League: Gods And Monsters
77%
(2008) Justice League: New Frontier
77%
(2014) Justice League of America Adventures: Trapped in Time
77%
(2013) Justice League: The Flashpoint Paradox
77%
(2015) Justice League: Throne of Atlantis
77%
(2019) Justice League V.S. The Fatal Five
77%
(2014) Justice League: War
77%
(2021) Justice Society: World War II
77%
(2016) Lego DC Superheroes Justice League: Cosmic Clash
77%
2021 Zack Snyder's Justice League
77%
(2006) | 2018 Aquaman
75%
2022 Aquaman and the Lost Kingdom
75%
(2018) Lego DC Superheroes Aquaman: Rage of Atlantis
75%
(TBD) Green Lantern: Beware My Power
74%
(2011) Green Lantern: Emerald Knights
74%
(2009) Green Lantern: First Flight
74%
2011 The Green Lantern
74%
2021 The Suicide Squad
74%
2016 Suicide Squad
72%
(2018) Suicide Squad: Hell to Pay
72%
2019 The Joker
68%
2019 Shazam!
67%
2023 Shazam: Fury of the Gods
67%
1941 The Adventures of Captain Marvel
67%
2022 Black Adam
56%
2020 Birds of Prey
54%
2022 Catwoman: Hunted
47%
(2018) Teen Titans Go! To the Movies
47%
(2006) Teen Titans: Trouble in Tokyo
47%
(2017) The Teen Titans: Judas Contract
47%
2010 DC Showcase: Green Arrow
46%
1989 The Return of Swamp Thing
44%
TBD Blue Beetle
42%
1982 Swamp Thing
42%
2022 Batgirl
37%
2005 Constantine
37%
2009 The Watchmen
33%
1997 Steel
30%
2006 V for Vendetta
25%
2010 DC Showcase: Jonah Hex
23%
2010 Jonah Hex
23%
2010 RED
21%
2013 RED 2
21%
2010 The Losers
16%
1952 Blackhawk
9%
1947 The Vigilante
9%
2005 A History of Violence
7%
1948 Congo Bill
7%
1946 Hop Harrigan
7%
1942 Spy Smasher
7%
2019 The Kitchen
7%
(2017) Lego DC Superhero Girls: Brain Drain
5%
(2018) Lego DC Superhero Girls: Super-villain High
5%
2003 The League of Extraordinary Gentlemen
5%
(2015) Lego DC Comics Superheroes Justice League: Attack of the Legion of Doom
4%
(2015) Lego DC Comics Superheroes Justice League V.S. Bizarro League
4%
(2017) Vixen: The Movie
4%
2022 DC's League of Super-Pets
2%
(2016) DC Superhero Girls: Hero of the Year
2%
(2017) DC Superhero Girls: Intergalactic Games
2%
(2018) DC Superhero Girls Legends of Atlantis
2%
(2016) DC Superhero Girls: Superhero High
2%
1940 | 1974 | 2011 The Green Hornet
2%
1940 The Green Hornet Strikes Again
2%
2003 American Splendor
0%
(1998) Batman and Mr. Freeze: SubZero
0%
(2000) Batman Beyond: Return of the Joker
0%
1999 Batman Beyond: The Movie
0%
(2003) Batman: Mystery of the Batwoman
0%
(TBD) Battle of the Super Sons
0%
(2001) Justice League: Secret Origins
0%
(2004) Justice League: Starcrossed
0%
2013 Necessary Evil: Super-Villains of DC Comics
0%
(1996) Superman: The Last Son of Krypton
0%
1995 Tank Girl
0%
1987 | 2008 The Spirit
0%
No matching quizzes found
Score Distribution
Percent of People with Each Score
Percentile by Number Answered
Your Score History
You have not taken this quiz since the last reset